000 00370nam a2200169Ia 4500
003 0STCL
008 150530s9999 xx 000 0 und d
040 _aSTCL
_cSTCL
100 _aYoung,W.H.
245 _aEssentials of American Government
250 _aNinth
260 _c1950
546 _aEnglish
942 _2ddc
_cBK
999 _c7319
_d7319
005 20220125165448.0